| 000 | 00469nam a2200181Ia 4500 | ||
|---|---|---|---|
| 008 | 180207s9999 xx 000 0 und d | ||
| 020 | _a9780439749084 | ||
| 050 | _bM978 2004 | ||
| 100 | _aMurphy, Stuart J. | ||
| 245 | _aEarth day - hooray! / | ||
| 245 | _cby Stuart J. Murphy ; illustrated by Renee Andriani. | ||
| 260 | _aNew York : | ||
| 260 | _bScholastic, | ||
| 260 | _c2004 | ||
| 300 | _a36 pages : | ||
| 300 | _bcolor illustration ; | ||
| 300 | _c20cm. | ||
| 999 |
_c355517 _d355517 |
||